000 00677nam a2200241Ia 4500
003 OSt
005 20230509150018.0
008 210423s2008 xx 000 0 und d
020 _a978-81-312-1374-2
040 _cAL
041 _aeng
082 _a616.0756 BURT
100 _aBURTIS (Carl A );ASHWOOD (Edward R );BRUNS( David E )
_9101278
245 _aTietz fundamentals of clinical chemistry Ed6
250 _a6
260 _aPhiladelpia
_bSaunders
_c2008
300 _axx,952p
_bPB
365 _b1275
_cINR
650 _aDiseases
_9101279
650 _aMedical Sciences
_9101280
906 _achemistry ; clinical ; Ed6 ; fundamentals ; Tietz
942 _2ddc
_cBK
999 _c165700
_d165700